MARC details
| 000 -LEADER |
| fixed length control field |
01980cgm a22004097a 4500 |
| 001 - CONTROL NUMBER |
| control field |
0000004516 |
| 005 - DATE AND TIME OF LATEST TRANSACTION |
| control field |
20170406115903.0 |
| 007 - PHYSICAL DESCRIPTION FIXED FIELD--GENERAL INFORMATION |
| fixed length control field |
mrubf--f |
| 007 - PHYSICAL DESCRIPTION FIXED FIELD--GENERAL INFORMATION |
| fixed length control field |
mrubf--f |
| 008 - FIXED-LENGTH DATA ELEMENTS--GENERAL INFORMATION |
| fixed length control field |
870421s1917 xxu007 mleng |
| 010 ## - LIBRARY OF CONGRESS CONTROL NUMBER |
| LC control number |
87706326 |
| 017 ## - COPYRIGHT OR LEGAL DEPOSIT NUMBER |
| Copyright or legal deposit number |
LP10592 |
| Assigning agency |
U.S. Copyright Office |
| 035 ## - SYSTEM CONTROL NUMBER |
| -- |
(DLC) 87706326 |
| 040 ## - CATALOGING SOURCE |
| Original cataloging agency |
DLC |
| Transcribing agency |
DLC |
| Modifying agency |
DLC |
| Description conventions |
amim |
| 050 00 - LIBRARY OF CONGRESS CALL NUMBER |
| Classification number |
FEB 5523 (ref print) |
| 050 00 - LIBRARY OF CONGRESS CALL NUMBER |
| Classification number |
FPA 7198 (dupe neg) |
| 100 1# - MAIN ENTRY--PERSONAL NAME |
| Personal name |
McCabe,Patrick. |
| 245 04 - TITLE STATEMENT |
| Title |
The Butcher boy / |
| Statement of responsibility, etc. |
Comique Film ; director, Roscoe Arbuckle; author, Joe Roach. |
| 257 ## - COUNTRY OF PRODUCING ENTITY |
| Country of producing entity |
U.S. |
| 260 ## - PUBLICATION, DISTRIBUTION, ETC. |
| Place of publication, distribution, etc. |
United States : |
| Name of publisher, distributor, etc. |
Paramount Pictures Corporation, |
| Date of publication, distribution, etc. |
1917. |
| 300 ## - PHYSICAL DESCRIPTION |
| Extent |
1 reel of 2 (r2) (633 ft.) : |
| Other physical details |
si., b&w ; |
| Dimensions |
35 mm. ref print. |
| 300 ## - PHYSICAL DESCRIPTION |
| Extent |
1 reel of 2 (r2) (633 ft.) : |
| Other physical details |
si., b&w ; |
| Dimensions |
35 mm. dupe neg. |
| 500 ## - GENERAL NOTE |
| General note |
Copyright: Comique Film Corp.; 12Apr17; LP10592. |
| 500 ## - GENERAL NOTE |
| General note |
Production company, director, author, camera, cast, original reel count and date of release from American film-index, 1916-1920. |
| 500 ## - GENERAL NOTE |
| General note |
Releasing company from Moving picture world, v. 32, p. 692. |
| 500 ## - GENERAL NOTE |
| General note |
Presenter from Moving picture world, v. 32, p. 530. |
| 500 ## - GENERAL NOTE |
| General note |
Trade name from intertitle: Paramount-Arbuckle Comedy. |
| 500 ## - GENERAL NOTE |
| General note |
Jumps in continuity throughout. |
| Institution to which field applies |
DLC. |
| 500 ## - GENERAL NOTE |
| General note |
Reel number from content of film; verified by summary in Moving picture world, v. 32, p. 684. |
| 500 ## - GENERAL NOTE |
| General note |
NCN014556; The Butcher boy. |
| Institution to which field applies |
DLC. |
| 508 ## - CREATION/PRODUCTION CREDITS NOTE |
| Creation/production credits note |
Presented by Joseph M. Schenck ; camera, Frank D. Williams. |
| 511 1# - PARTICIPANT OR PERFORMER NOTE |
| Participant or performer note |
Roscoe "Fatty" Arbuckle, Al St. John, Buster Keaton, Alice Lake, Josephine Stevens, Arthur Earle, Agnes Neilson, Joe Bordeau, Luke (dog). |
| 541 ## - IMMEDIATE SOURCE OF ACQUISITION NOTE |
| Materials specified |
ref print; |
| 541 ## - IMMEDIATE SOURCE OF ACQUISITION NOTE |
| Materials specified |
dupe neg; |
| 710 2# - ADDED ENTRY--CORPORATE NAME |
| Corporate name or jurisdiction name as entry element |
AFI/Kraemer (Jerome) Collection (Library of Congress) |
| Institution to which field applies |
DLC. |
| 908 ## - PUT COMMAND PARAMETER (RLIN) |
| Put command parameter |
141007 |